Adjectives that Begin with A - Click Quiz - Statistics

General Stats
  • This quiz has been taken 23 times
  • The average score is 10 of 15
Answer Stats
Hint Answer % Correct
Tempting Alluring
89%
Praised Acclaimed
84%
Friendly Amiable
84%
Horrific Atrocious
79%
Horrified Aghast
74%
Greedy Avaricious
74%
Irritating Abrasive
68%
Nimble Agile
68%
Disturbed Agitated
68%
Eager Avid
68%
Bitter Acrid
63%
Unyielding Adamant
63%
Difficult Arduous
58%
Cunning Artful
47%
Diligent Assiduous
47%
No matching quizzes found
Score Distribution
Percent of People with Each Score
Percentile by Number Answered
Your Score History
You have not taken this quiz